[Event "Ruhrgebiet Verbandsliga2 1011"]
[Site "Nordrheinwestfalen"]
[Date "2011.01.09"]
[Round "5.7"]
[White "Nowok, Frank"]
[Black "Ribbeck, Oliver"]
[Result "0-1"]
[WhiteElo "1859"]
[BlackElo "1877"]
[PlyCount "84"]
[EventDate "2010.09.12"]
[EventType "team-tourn"]
[EventRounds "9"]
[EventCountry "GER"]
[SourceTitle "EXT 2020"]
[Source "ChessBase"]
[SourceDate "2019.10.17"]
[SourceVersion "1"]
[SourceVersionDate "2019.10.17"]
[SourceQuality "1"]
[WhiteTeam "Gladbeck SG"]
[BlackTeam "Dortmund FS 98"]
[WhiteTeamCountry "GER"]
[BlackTeamCountry "GER"]

1. d4 Nf6 2. Nf3 d6 3. Nbd2 g6 4. e4 Bg7 5. Bd3 Nbd7 6. c3 0-0 7. Nc4 c5 8. 0-0 b5 9. Ne3 Rb8 10. e5 Ne8 11. Ng4 c4 12. Bc2 f5 13. Nh6+ Kh8 14. e6 Nb6 15. Nf7+ Rxf7 16. exf7 Nf6 17. Re1 Bb7 18. a4 a6 19. axb5 axb5 20. Ra5 Nc8 21. Ra3 Qf8 22. Ng5 h6 23. Ne6 Qxf7 24. Nd8 Qd5 25. Nxb7 Qxb7 26. Qe2 Kh7 27. b3 d5 28. Bf4 Ra8 29. Rea1 Rxa3 30. Rxa3 Ne4 31. Bxe4 fxe4 32. Qg4 b4 33. Ra4 bxc3 34. b4 Bxd4 35. Qe6 Nd6 36. Be5 c2 37. Bf4 e3 38. Bxe3 Bxe3 39. Qxe3 d4 40. Qe1 Qe4 41. Qc1 Qe2 42. Ra1 d3 0-1

[Event "Ruhrgebiet VL2 0910"]
[Site "Germany"]
[Date "2009.09.06"]
[Round "1.7"]
[White "Nowok, Frank"]
[Black "Ackermann, Frank"]
[Result "0-1"]
[WhiteElo "1922"]
[BlackElo "2055"]
[PlyCount "130"]
[EventDate "2009.09.06"]
[EventType "team-tourn"]
[EventRounds "9"]
[EventCountry "GER"]
[SourceTitle "EXT 2011"]
[Source "ChessBase"]
[SourceDate "2010.11.26"]
[SourceVersion "1"]
[SourceVersionDate "2010.11.26"]
[SourceQuality "1"]
[WhiteTeam "Gladbeck SG"]
[BlackTeam "Oberhausen II"]
[WhiteTeamCountry "GER"]
[BlackTeamCountry "GER"]

1. d4 d5 2. Nf3 Nf6 3. e3 c5 4. c3 Nc6 5. Bd3 Bg4 6. Nbd2 e6 7. 0-0 Bd6 8. dxc5 Bxc5 9. e4 0-0 10. Qc2 h6 11. h3 Bxf3 12. Nxf3 dxe4 13. Bxe4 Nxe4 14. Qxe4 Qf6 15. Bf4 Rfd8 16. b4 Bd6 17. Bxd6 Rxd6 18. b5 Na5 19. Qb4 Qd8 20. Ne5 Rd5 21. Rfe1 Qc7 22. Qe4 Rc8 23. Rad1 Rcd8 24. Rxd5 Rxd5 25. f4 Rxb5 26. Rd1 Rc5 27. Rd7 Rxe5 28. Qxe5 Qxd7 29. Qxa5 b6 30. Qe5 Qa4 31. Qd6 Qxa2 32. Qd8+ Kh7 33. Qd3+ f5 34. c4 Qa5 35. Kh2 Qc5 36. h4 a5 37. h5 a4 38. Qg3 Qe7 39. Qf3 a3 40. Kh3 a2 41. Qa8 Qd6 42. Qxa2 Qxf4 43. Qe2 Qg4+ 44. Qxg4 fxg4+ 45. Kxg4 Kg8 46. Kf4 Kf7 47. Ke5 Ke7 48. g4 Kd7 49. Kf4 Kd6 50. g5 Kc5 51. gxh6 gxh6 52. Ke5 Kxc4 53. Kxe6 b5 54. Kf6 b4 55. Kg6 b3 56. Kxh6 b2 57. Kg7 b1Q 58. h6 Qb7+ 59. Kg8 Qc8+ 60. Kg7 Qd7+ 61. Kg8 Qe8+ 62. Kg7 Qe7+ 63. Kg8 Kd5 64. h7 Ke6 65. h8N Kf6 0-1

[Event "Dortmund op-B"]
[Site "Dortmund"]
[Date "2005.07.09"]
[Round "2"]
[White "Maszewski, Mario"]
[Black "Nowok, Frank"]
[Result "0-1"]
[WhiteElo "1657"]
[BlackElo "1874"]
[PlyCount "64"]
[EventDate "2005.07.08"]
[EventType "swiss"]
[EventRounds "9"]
[EventCountry "GER"]
[SourceTitle "CBM 107 Extra"]
[Source "ChessBase"]
[SourceDate "2005.09.01"]
[SourceVersion "1"]
[SourceVersionDate "2005.09.01"]
[SourceQuality "1"]

1. Nf3 d5 2. d4 Nf6 3. c4 c6 4. Nc3 dxc4 5. a4 Bf5 6. e3 Nbd7 7. Bxc4 Qc7 8. Qb3 e6 9. Nh4 Bg6 10. g3 Be7 11. Nxg6 hxg6 12. e4 Nb6 13. Bf4 Qd7 14. 0-0-0 Nxc4 15. Qxc4 Rc8 16. f3 b5 17. Qb3 0-0 18. Kb1 a6 19. d5 cxd5 20. axb5 axb5 21. exd5 e5 22. Bd2 Qf5+ 23. Ka1 Ra8+ 24. Na2 Ra4 25. g4 Qd7 26. Kb1 Rfa8 27. Nb4 e4 28. Nc6 Bd6 29. Be3 exf3 30. Qxb5 Qxg4 31. Qd3 Qg2 32. h4 Ra1# 0-1

[Event "Ruhrgebiet VL2 0001"]
[Site "Ruhrgebiet"]
[Date "2001.03.18"]
[Round "7"]
[White "Pustelny Conrad, Dieter"]
[Black "Nowok, Frank"]
[Result "1-0"]
[WhiteElo "1991"]
[BlackElo "1882"]
[PlyCount "32"]
[EventDate "2000.09.17"]
[EventType "team-tourn"]
[EventRounds "9"]
[EventCountry "GER"]
[SourceTitle "EXT 2023"]
[Source "ChessBase"]
[SourceDate "2022.10.05"]
[SourceVersion "1"]
[SourceVersionDate "2022.10.05"]
[SourceQuality "1"]
[WhiteTeam "Wattenscheid III"]
[BlackTeam "Gladbeck SG"]
[WhiteTeamCountry "GER"]
[BlackTeamCountry "GER"]

1. e4 c5 2. Nf3 d6 3. d4 cxd4 4. Nxd4 Nf6 5. Nc3 a6 6. Bg5 e6 7. f4 Be7 8. Qf3 Nbd7 9. 0-0-0 Qc7 10. g4 b5 11. Bxf6 gxf6 12. Bg2 Bb7 13. g5 Rc8 14. a3 Nb6 15. Qh5 0-0 16. Rd3 Kg7 1-0

[Event "Ruhrgebiet VL2 0001"]
[Site "Ruhrgebiet"]
[Date "2001.01.22"]
[Round "5"]
[White "Mustafic, Mustafa"]
[Black "Nowok, Frank"]
[Result "1/2-1/2"]
[WhiteElo "1815"]
[BlackElo "1882"]
[PlyCount "52"]
[EventDate "2000.09.17"]
[EventType "team-tourn"]
[EventRounds "9"]
[EventCountry "GER"]
[SourceTitle "EXT 2023"]
[Source "ChessBase"]
[SourceDate "2022.10.05"]
[SourceVersion "1"]
[SourceVersionDate "2022.10.05"]
[SourceQuality "1"]
[WhiteTeam "Hamm SV"]
[BlackTeam "Gladbeck SG"]
[WhiteTeamCountry "GER"]
[BlackTeamCountry "GER"]

1. e4 d5 2. exd5 Qxd5 3. Nc3 Qa5 4. Bc4 c6 5. d4 Bf5 6. Nf3 e6 7. 0-0 Bd6 8. h3 Nf6 9. Re1 0-0 10. Nh4 Nbd7 11. Bd3 Bxd3 12. Qxd3 Rad8 13. Bd2 Qc7 14. Ne4 Bf4 15. Bxf4 Qxf4 16. Qg3 Qxg3 17. Nxg3 Nb6 18. Nf3 Rd7 19. c3 Na4 20. Re2 c5 21. Rc2 Rc8 22. b3 Nb6 23. dxc5 Rxc5 24. c4 h6 25. Rd2 Rxd2 26. Nxd2 Rc8 1/2-1/2